000 00907nam a2200229 a 4500
001 000022091
005 20200930011558.0
008 100916s1970 sp r 000 d spa d
040 _aDO-SdBNP
_bspa
_cBNPHU
082 _a862.4
_bF297t
100 1 _aFeijoo, Benito,
_d1676-1764.
_945773
245 1 0 _aTeatro crítico universal :
_bCartas eruditas y curiosas (antología) /
_cBenito Jerónimo Feijoo y Montenegro ; selección y prólogo de Carmen Martín Gaite.
260 _aMadrid :
_bAlianza Editorial,
_c1970.
300 _a204, [4] p. ;
_c18 cm.
490 1 _aEl libro de bolsillo
_aclásicos
_v225
650 4 _aTeatro español
_xHistoria y crítica
_915506
650 4 _aCartas españolas
_99744
650 4 _aLiteratura española
_xHistoria y crítica
_ySIGLO XVIII
_945774
700 1 _aMartín Gaite, Carmen
_epról.
_921740
830 0 _aEl libro de bolsillo ;
_pclásicos
_v225
_945775
049 _aBNGR
999 _c21589
_d21589